000 00521 a2200181 4500
001 143749
040 _cLeonardo Da Vinci
041 _aPortuguês
082 _a891.73 D763m
_bD763m
100 _aDOSTOIÉVSKI, Fiódor
245 _aOs melhores contos de F. Dostoiéviski
260 _bCírculo do livro
_c[19--?]
_aSão Paulo
300 _a271
362 _a[19--?0000]
500 _aTradução, seleção e introdução de Ruth Guimarães
697 _aLiteratura Russa
_aFicção
_aRomance
_aRússia
942 _cBK
999 _c143749
_d143749